|
|
|
|
| LEADER |
00790pam a22002418a 4500 |
| 001 |
00040408 |
| 005 |
20180112150110.0 |
| 008 |
171010s2016 ||||||viesd |
| 020 |
# |
# |
|a 978 604 58 5534 8
|c 110000
|
| 041 |
0 |
# |
|a vie
|
| 082 |
1 |
4 |
|a 371.100 92
|b CH513T
|
| 100 |
1 |
# |
|a Nguyễn, Ánh Tuyết
|
| 245 |
1 |
0 |
|a Chúng tôi đã sống như thế
|c Nguyễn Ánh Tuyết
|
| 260 |
# |
# |
|c 2017
|a T.P. Hồ Chí Minh
|b Tổng hợp T.P. Hồ Chí Minh
|
| 300 |
# |
# |
|a 460 tr.
|c 21 cm.
|
| 653 |
# |
# |
|a Giáo dục
|
| 653 |
# |
# |
|a Nhà giáo
|
| 653 |
# |
# |
|a Tác phẩm
|
| 653 |
# |
# |
|a Việt Nam
|
| 852 |
# |
# |
|b Kho đọc
|j KD.0020402
|
| 852 |
# |
# |
|j KD.0020426
|
| 910 |
|
|
|d 28/11/2017
|
| 980 |
# |
# |
|a Trung tâm Học liệu Lê Vũ Hùng, Trường Đại học Đồng Tháp
|